اسلام کا خاندانی نظام (Record no. 608002)

000 -LEADER
fixed length control field 00513nam a22001817a 4500
020 ## - INTERNATIONAL STANDARD BOOK NUMBER
International Standard Book Number 9789698535155
040 ## - CATALOGING SOURCE
Transcribing agency 0
082 ## - DEWEY DECIMAL CLASSIFICATION NUMBER
Edition number 297.5
Author Mark ISL
245 ## - TITLE STATEMENT
Title اسلام کا خاندانی نظام
Statement of responsibility, etc. by احمدالعسال ودیگر
246 ## - VARYING FORM OF TITLE
Title proper/short title Islam ka khandani nizam
260 ## - PUBLICATION, DISTRIBUTION, ETC.
Place of publication, distribution, etc. Islamabad:
Name of publisher, distributor, etc. NUST publishing;
Date of publication, distribution, etc. 2015.
300 ## - PHYSICAL DESCRIPTION
Extent 452 p.
Dimensions 22 cm.
650 ## - SUBJECT ADDED ENTRY--TOPICAL TERM
Source of heading or term Islamic ethics
650 ## - SUBJECT ADDED ENTRY--TOPICAL TERM
Source of heading or term Moral theology
700 1# - ADDED ENTRY--PERSONAL NAME
Personal name Butti, Amjid Ali
9 (RLIN) 13800
700 1# - ADDED ENTRY--PERSONAL NAME
Personal name Ahmed Al Asaal.
9 (RLIN) 13801
942 ## - ADDED ENTRY ELEMENTS (KOHA)
Source of classification or shelving scheme
Koha item type Book
Holdings
Withdrawn status Lost status Source of classification or shelving scheme Damaged status Not for loan Permanent Location Current Location Date acquired Source of acquisition Total Checkouts Full call number Barcode Date last seen Copy number Price effective from Koha item type
          School of Art Design and Architecture (SADA) School of Art Design and Architecture (SADA) 05/11/2016 Donation   297.5 ISL 2015 SADAD0000120 02/22/2024 01 02/22/2024 Book
          School of Art Design and Architecture (SADA) School of Art Design and Architecture (SADA) 05/11/2016 Donation   297.5 ISL 2015 SADAD0000121 02/22/2024 02 02/22/2024 Book
© 2023 Central Library, National University of Sciences and Technology. All Rights Reserved.